[Event "Aktobe Dvorkovich op-B"]
[Site "Aktobe"]
[Date "2025.06.25"]
[Round "4"]
[White "Tursunali, Bekarys"]
[Black "Tulendinov, Dinmukhammed"]
[Result "0-1"]
[WhiteElo "2007"]
[BlackElo "2104"]
[PlyCount "104"]
[EventDate "2025.06.22"]
[EventType "swiss"]
[EventRounds "9"]
[EventCountry "KAZ"]
[SourceTitle "CB27_2025"]
[SourceDate "2025.07.02"]
[SourceVersion "1"]
[SourceVersionDate "2025.07.02"]
[SourceQuality "1"]

1. e4 c5 2. Nf3 e6 3. d4 cxd4 4. Nxd4 Nc6 5. Nc3 Qc7 6. g3 a6 7. Bg2 Nf6 8. 0-0 Be7 9. Re1 Nxd4 10. Qxd4 e5 11. Qd3 h6 12. Be3 d6 13. Na4 Be6 14. Nb6 Rb8 15. h3 Nd7 16. Nd5 Bxd5 17. Qxd5 0-0 18. c4 Bg5 19. f4 Be7 20. Rac1 Rbc8 21. b3 Nf6 22. Qd3 Qb8 23. fxe5 dxe5 24. c5 Rfd8 25. Qe2 Nd7 26. b4 a5 27. a3 axb4 28. axb4 Bg5 29. Bxg5 hxg5 30. Qh5 Nf8 31. Bf1 b5 32. Rcd1 Ne6 33. Rd5 Qa8 34. Bg2 Qa3 35. Rf1 Rc7 36. Qd1 Rf8 37. Qe1 f6 38. Rf3 Qa4 39. Qc3 Nd4 40. Rxd4 exd4 41. Qxd4 Rcc8 42. Rf5 Qa3 43. Kh2 Qc1 44. Rd5 Ra8 45. Rd7 Qe1 46. c6 Ra3 47. Qd5+ Kh7 48. Qd6 Qf2 49. Qc7 Rg8 50. Rd1 Rd8 51. Rxd8 Ra2 52. Rh8+ Kg6 0-1

[Event "Almaty zt 3.4"]
[Site "Almaty"]
[Date "2025.04.05"]
[Round "5"]
[White "Tulegen, Ramazan"]
[Black "Tulendinov, Dinmukhammed"]
[Result "0-1"]
[WhiteElo "1970"]
[BlackElo "2141"]
[PlyCount "90"]
[EventDate "2025.04.02"]
[EventType "swiss"]
[EventRounds "9"]
[EventCountry "KAZ"]
[SourceTitle "CB15_2025"]
[SourceDate "2025.04.09"]
[SourceVersion "1"]
[SourceVersionDate "2025.04.09"]
[SourceQuality "1"]

1. e4 c5 2. Nf3 e6 3. d4 cxd4 4. Nxd4 Nc6 5. Nc3 Qc7 6. g3 a6 7. Bg2 Nf6 8. 0-0 Be7 9. Nb3 b5 10. Bf4 e5 11. Be3 d6 12. Qd2 0-0 13. a4 bxa4 14. Nxa4 Rb8 15. Nc3 Nb4 16. h3 Be6 17. Na5 Rfd8 18. Bg5 d5 19. exd5 Nfxd5 20. Nxd5 Bxd5 21. Bxe7 Qxe7 22. Bxd5 Rxd5 23. Qe2 Qd7 24. h4 Rd2 25. Qxe5 Re8 26. Qc3 Nxc2 27. Nb3 Rde2 28. Rad1 Qb7 29. Na5 Qe4 30. Qc6 Qg4 31. Rd3 Nb4 32. Qf3 Qxf3 33. Rxf3 Rxb2 34. Nc4 Rc2 35. Nd6 Rf8 36. Rb1 Nc6 37. Rb6 a5 38. Ra6 h5 39. Nb7 g6 40. Nxa5 Ne5 41. Rf4 Rd8 42. Nb7 Rd1+ 43. Kg2 Rcc1 44. Ra8+ Kg7 45. g4 Rg1+ 0-1

[Event "Titled Tuesday intern op 25th Feb Early"]
[Site "Chess.com INT"]
[Date "2025.02.25"]
[Round "3"]
[White "Rychkov, Oleg"]
[Black "Tulendinov, Dinmukhammed"]
[Result "0-1"]
[WhiteElo "2386"]
[BlackElo "2173"]
[PlyCount "100"]
[EventDate "2025.02.25"]
[EventType "swiss (blitz)"]
[EventRounds "11"]
[EventCountry "USA"]
[SourceTitle "CB10_2025"]
[SourceDate "2025.03.05"]
[SourceVersion "1"]
[SourceVersionDate "2025.03.05"]
[SourceQuality "1"]

1. b3 Nf6 2. Bb2 e6 3. Nf3 b6 4. e3 Be7 5. g4 h6 6. h4 Bb7 7. Rg1 d6 8. Be2 e5 9. d4 e4 10. Nfd2 d5 11. c4 c6 12. g5 hxg5 13. hxg5 Nfd7 14. g6 f5 15. Nc3 Nf6 16. cxd5 cxd5 17. Bb5+ Bc6 18. Qe2 Bxb5 19. Nxb5 a6 20. Nc3 Nc6 21. a3 b5 22. Nf1 f4 23. 0-0-0 b4 24. axb4 Nxb4 25. exf4 Nd3+ 26. Rxd3 exd3 27. Qxd3 Qc7 28. Ne3 Bb4 29. Re1 0-0 30. Qf5 Rfe8 31. Kc2 Bxc3 32. Nxd5 Qc6 33. Rxe8+ Rxe8 34. Nxc3 Qf3 35. Bc1 Qxf2+ 36. Bd2 Qxd4 37. Qa5 Ne4 38. Be1 Nxc3 39. Qxc3 Re2+ 40. Bd2 Qxc3+ 41. Kxc3 Rg2 42. Be3 Rxg6 43. Bd4 Rc6+ 44. Kd3 g6 45. Be5 Kf7 46. Kd4 Ke6 47. b4 Kf5 48. Bb8 Rb6 49. Bc7 Rxb4+ 50. Kc5 Rxf4 0-1

[Event "Titled Tuesday intern op 25th Feb Early"]
[Site "Chess.com INT"]
[Date "2025.02.25"]
[Round "7"]
[White "Tulendinov, Dinmukhammed"]
[Black "Djordjevic, Vuk D"]
[Result "0-1"]
[WhiteElo "2173"]
[BlackElo "2350"]
[PlyCount "176"]
[EventDate "2025.02.25"]
[EventType "swiss (blitz)"]
[EventRounds "11"]
[EventCountry "USA"]
[SourceTitle "CB10_2025"]
[SourceDate "2025.03.05"]
[SourceVersion "1"]
[SourceVersionDate "2025.03.05"]
[SourceQuality "1"]

1. e4 d5 2. exd5 Qxd5 3. Nc3 Qd6 4. d4 Nf6 5. Nf3 c6 6. g3 Bg4 7. Bg2 e6 8. 0-0 Nbd7 9. Re1 Be7 10. h3 Bh5 11. Bf4 Qb4 12. Qd2 0-0 13. a3 Qa5 14. Ne5 Nxe5 15. dxe5 Rfd8 16. Qe3 Nd5 17. Nxd5 cxd5 18. c3 Rac8 19. Bg5 Bxg5 20. Qxg5 Bg6 21. Rad1 h6 22. Qe3 Rc4 23. Rd4 Rxd4 24. Qxd4 Rc8 25. Bf1 Rc6 26. Rd1 a6 27. Rd2 Qc7 28. Be2 Be4 29. h4 Bf5 30. g4 Bh7 31. h5 Qe7 32. f4 Be4 33. Qf2 f6 34. Qd4 f5 35. Qf2 Rc8 36. Qg3 fxg4 37. Bxg4 Rf8 38. Rf2 Kh8 39. Kh2 Qe8 40. Qe3 Bf5 41. Be2 Qd8 42. Qg3 Qb6 43. Rg2 Rf7 44. Bg4 Bxg4 45. Qxg4 Qe3 46. Rg3 Qxf4 47. Qxf4 Rxf4 48. Rg6 Rf5 49. Rxe6 Rxh5+ 50. Kg3 Rf5 51. Re7 b5 52. Re6 a5 53. Rb6 Rxe5 54. Rxb5 a4 55. c4 Re3+ 56. Kf4 Re4+ 57. Kf5 Rxc4 58. Rxd5 Rc2 59. Rd4 Rxb2 60. Rxa4 Kh7 61. Ra7 Rb5+ 62. Kf4 h5 63. a4 Rc5 64. a5 Kh6 65. Ra8 Rc4+ 66. Kf3 Kg5 67. a6 Rc3+ 68. Ke4 Ra3 69. a7 g6 70. Kd4 h4 71. Ke4 h3 72. Rh8 Rxa7 73. Rxh3 Kg4 74. Rh1 Ra3 75. Ke5 g5 76. Kf6 Ra6+ 77. Ke5 Kf3 78. Rf1+ Kg2 79. Rb1 g4 80. Kf4 Ra4+ 81. Ke3 g3 82. Rb2+ Kh1 83. Rb8 g2 84. Rh8+ Kg1 85. Ke2 Ra2+ 86. Ke3 Rf2 87. Rb8 Rf5 88. Rh8 Kf1 0-1

[Event "Titled Tuesday intern op 25th Feb Early"]
[Site "Chess.com INT"]
[Date "2025.02.25"]
[Round "10"]
[White "Tulendinov, Dinmukhammed"]
[Black "Potawad, Anirudhha"]
[Result "1-0"]
[WhiteElo "2173"]
[BlackElo "2306"]
[PlyCount "115"]
[EventDate "2025.02.25"]
[EventType "swiss (blitz)"]
[EventRounds "11"]
[EventCountry "USA"]
[SourceTitle "CB10_2025"]
[SourceDate "2025.03.05"]
[SourceVersion "1"]
[SourceVersionDate "2025.03.05"]
[SourceQuality "1"]

1. e4 c5 2. Nc3 Nc6 3. Bb5 Nd4 4. Bc4 e6 5. Nge2 Ne7 6. Nxd4 cxd4 7. Ne2 Nc6 8. d3 b5 9. Bb3 Be7 10. 0-0 0-0 11. a4 Rb8 12. axb5 Rxb5 13. Bd2 Bb7 14. f4 f5 15. Bc4 Rxb2 16. exf5 Rxf5 17. Ng3 Rf8 18. f5 Ne5 19. Bb3 Qb6 20. fxe6 dxe6 21. Rxf8+ Bxf8 22. Qe2 Qc6 23. Re1 Rxb3 24. cxb3 Nxd3 25. Qxe6+ Qxe6 26. Rxe6 Nc5 27. Re8 Bc6 28. Rxf8+ Kxf8 29. Bb4 d3 30. Bxc5+ Kf7 31. Nf1 a6 32. Kf2 Ke6 33. g3 Kf5 34. Ke3 Kg4 35. Bd6 Kh3 36. Nd2 Bb5 37. Nf3 h5 38. Bf4 Kg2 39. h4 Kf1 40. Ne5 d2 41. Kxd2 Kf2 42. Kc3 Ke2 43. Kb4 Kd1 44. Ka5 Kc2 45. b4 Kb3 46. Nf7 Bf1 47. Nd6 Kc2 48. Ne4 Kd3 49. Nc5+ Kd4 50. Nxa6 Kd5 51. b5 Bh3 52. b6 Bc8 53. Nb4+ Kc4 54. Nc6 Kc5 55. Ne7 Bb7 56. Nf5 g6 57. Ne7 Be4 58. Nxg6 1-0

[Event "Pavlodar op"]
[Site "Pavlodar"]
[Date "2024.10.16"]
[Round "4"]
[White "Zhalmakhanov, Ramazan"]
[Black "Tulendinov, Dinmukhammed"]
[Result "1/2-1/2"]
[WhiteElo "2488"]
[BlackElo "2303"]
[PlyCount "114"]
[EventDate "2024.10.13"]
[EventType "swiss"]
[EventRounds "10"]
[EventCountry "KAZ"]
[SourceTitle "CB43_2024"]
[Source "Chessbase"]
[SourceDate "2024.10.23"]
[SourceVersion "1"]
[SourceVersionDate "2024.10.23"]
[SourceQuality "1"]

1. e4 c5 2. Nf3 e6 3. g3 Nc6 4. Bg2 Nf6 5. d3 d5 6. Qe2 Be7 7. a4 0-0 8. 0-0 dxe4 9. dxe4 e5 10. c3 h6 11. Na3 Be6 12. Nc4 Qc7 13. Nh4 Rfe8 14. Nf5 Bf8 15. h4 Kh7 16. Nfe3 Rad8 17. Nd5 Bxd5 18. exd5 Na5 19. Nxa5 Qxa5 20. g4 Kg8 21. c4 Qa6 22. Re1 Nh7 23. Ra3 Be7 24. Rh3 Qxa4 25. Be4 Qa6 26. g5 g6 27. gxh6 f5 28. Bc2 e4 29. Kh1 Qf6 30. f3 exf3 31. Qxf3 Qd4 32. Qg2 Bg5 33. Rg1 Bxc1 34. Qxg6+ Kh8 35. Qg7+ Qxg7 36. hxg7+ Kg8 37. Rxc1 Kxg7 38. Bxf5 Re2 39. Rg1+ Kh8 40. Rh2 Re5 41. Rf2 b5 42. b3 Re3 43. Bc2 bxc4 44. bxc4 Rh3+ 45. Rh2 Rc3 46. Rg4 Nf6 47. Rg6 Ng8 48. Rg4 Nf6 49. Rf4 Nh5 50. Rf7 Ng3+ 51. Kg1 Re8 52. d6 Re1+ 53. Kg2 Nh1 54. Rxh1 Rxc2+ 55. Kf3 Rxh1 56. d7 Rd1 57. Rf8+ Kg7 1/2-1/2

[Event "Titled Tuesday intern op 24th Sep Early"]
[Site "Chess.com INT"]
[Date "2024.09.24"]
[Round "7"]
[White "Tulendinov, Dinmukhammed"]
[Black "Stoimenidis, Dimitrios"]
[Result "0-1"]
[WhiteElo "2303"]
[BlackElo "2231"]
[PlyCount "64"]
[EventDate "2024.09.24"]
[EventType "swiss (blitz)"]
[EventRounds "11"]
[EventCountry "USA"]
[SourceTitle "EXT 2025"]
[Source "ChessBase"]
[SourceDate "2024.10.14"]
[SourceVersion "1"]
[SourceVersionDate "2024.10.14"]
[SourceQuality "1"]

1. e4 c5 2. Nf3 d6 3. Bb5+ Nc6 4. 0-0 Nf6 5. e5 dxe5 6. Nxe5 Bd7 7. Bxc6 Bxc6 8. Nxc6 bxc6 9. d3 e6 10. Nd2 Be7 11. Nc4 0-0 12. Re1 Nd5 13. Be3 Nb6 14. Nd2 Qd5 15. Qg4 Bf6 16. Rab1 h5 17. Qe2 g6 18. Ne4 Be7 19. b3 f5 20. Nc3 Qd6 21. Bd2 Kf7 22. Nd1 Bf6 23. Bc3 Bd4 24. Ba1 Rae8 25. Ne3 e5 26. Red1 Nd5 27. Nc4 Qf6 28. Qf3 Bxa1 29. Rxa1 e4 30. dxe4 Rxe4 31. Re1 Rfe8 32. Rxe4 Qxa1+ 0-1

[Event "Qingdao SCO Teams 5th"]
[Site "Qingdao"]
[Date "2023.12.17"]
[Round "5.10"]
[White "Tulendinov, Dinmukhammed"]
[Black "Gong, Sunle"]
[Result "0-1"]
[WhiteElo "2303"]
[BlackElo "2175"]
[PlyCount "84"]
[EventDate "2023.12.17"]
[EventType "team-tourn (rapid)"]
[EventRounds "9"]
[EventCountry "CHN"]
[SourceTitle "CBM 217 Extra"]
[Source "ChessBase"]
[SourceDate "2024.01.31"]
[SourceVersion "1"]
[SourceVersionDate "2024.01.31"]
[SourceQuality "1"]
[WhiteTeam "Kazakhstan"]
[BlackTeam "China Shanghai"]
[WhiteTeamCountry "KAZ"]
[BlackTeamCountry "CHN"]

1. e4 c6 2. d4 d5 3. exd5 cxd5 4. Bd3 Nc6 5. c3 Nf6 6. h3 g6 7. Nf3 Bf5 8. Be2 Qc7 9. Be3 Bg7 10. Nbd2 0-0 11. 0-0 Rab8 12. Qc1 Rfe8 13. Re1 b5 14. Nb3 Qb6 15. Nc5 a5 16. a3 a4 17. Ne5 Rbd8 18. Bf4 Na5 19. Bh6 Ne4 20. Bxg7 Kxg7 21. Ned3 e5 22. Bf1 exd4 23. cxd4 Qf6 24. Nb4 Qxd4 25. Nxe4 Rxe4 26. Rxe4 dxe4 27. Qc7 Nb3 28. Re1 Rc8 29. Qb7 Qd2 30. Re2 Qd1 31. Qxb5 Nd4 32. Qe5+ Kg8 33. Re3 Rc1 34. Qe8+ Kg7 35. Qe5+ Kh6 36. Qf4+ Kg7 37. Qe5+ f6 38. Qe7+ Kh6 39. Qf8+ Kg5 40. h4+ Kh5 41. Nd5 Qxf1+ 42. Kh2 Qh1+ 0-1

[Event "Reykjavik op"]
[Site "Reykjavik"]
[Date "2023.04.01"]
[Round "6"]
[White "Tulendinov, Dinmukhammed"]
[Black "Heimisson, Hilmir Freyr"]
[Result "1-0"]
[WhiteElo "2048"]
[BlackElo "2351"]
[PlyCount "71"]
[EventDate "2023.03.29"]
[EventType "swiss"]
[EventRounds "9"]
[EventCountry "ISL"]
[SourceTitle "CBM 213 Extra"]
[Source "ChessBase"]
[SourceDate "2023.05.31"]
[SourceVersion "1"]
[SourceVersionDate "2023.05.31"]
[SourceQuality "1"]

1. e4 c5 2. Nc3 Nc6 3. g3 g6 4. Bg2 Bg7 5. d3 d6 6. Nge2 Rb8 7. 0-0 b5 8. f4 Qd7 9. h3 f5 10. Nd5 e6 11. Ne3 Nh6 12. g4 0-0 13. Ng3 Ne7 14. c3 b4 15. Bd2 a5 16. Kh2 Ba6 17. Qc2 e5 18. gxf5 gxf5 19. Ngxf5 Nhxf5 20. Nxf5 Nxf5 21. exf5 Rxf5 22. Be4 Rh5 23. f5 Rf8 24. Qd1 Qe8 25. Qg4 Kh8 26. Bg5 Bc8 27. c4 Qg6 28. h4 h6 29. fxg6 Bxg4 30. Rxf8+ Bxf8 31. Rf1 hxg5 32. Rxf8+ Kg7 33. Rf7+ Kh8 34. g7+ Kg8 35. Bd5 Rh6 36. Re7+ 1-0

[Event "Reykjavik op"]
[Site "Reykjavik"]
[Date "2023.03.29"]
[Round "1"]
[White "Braun, Vitali"]
[Black "Tulendinov, Dinmukhammed"]
[Result "1/2-1/2"]
[WhiteElo "2356"]
[BlackElo "2048"]
[PlyCount "99"]
[EventDate "2023.03.29"]
[EventType "swiss"]
[EventRounds "9"]
[EventCountry "ISL"]
[SourceTitle "CBM 213 Extra"]
[Source "ChessBase"]
[SourceDate "2023.05.31"]
[SourceVersion "1"]
[SourceVersionDate "2023.05.31"]
[SourceQuality "1"]

1. d4 d5 2. c4 c6 3. Nf3 Nf6 4. Nc3 a6 5. c5 Bf5 6. Bf4 Nbd7 7. e3 g6 8. h3 Bg7 9. Be2 0-0 10. 0-0 Ne4 11. Qb3 Qc8 12. Rfd1 Re8 13. Nxe4 Bxe4 14. Ng5 Nf6 15. Nxe4 Nxe4 16. f3 Nf6 17. Be5 Nd7 18. Bxg7 Kxg7 19. f4 f6 20. Qc3 Qc7 21. b4 e5 22. fxe5 fxe5 23. Bf3 Nf6 24. Rf1 Re7 25. a4 Rae8 26. b5 exd4 27. exd4 Qg3 28. bxc6 bxc6 29. Qd2 Ne4 30. Qe1 Qxe1 31. Rfxe1 Nd2 32. Rxe7+ Rxe7 33. Kf2 Rb7 34. Be2 Ne4+ 35. Ke1 a5 36. Bf3 Rb4 37. Bxe4 dxe4 38. Rd1 Kf6 39. d5 cxd5 40. Rxd5 Rxa4 41. c6 Rc4 42. Rxa5 Rxc6 43. Kf2 Rc2+ 44. Kf1 h5 45. h4 Rd2 46. Rb5 Rc2 47. Ra5 e3 48. Ra3 e2+ 49. Ke1 Kf5 50. Ra4 1/2-1/2

[Event "Wch Rapid"]
[Site "Almaty"]
[Date "2022.12.28"]
[Round "12"]
[White "Khripachenko, Alexander"]
[Black "Tulendinov, Dinmukhammed"]
[Result "1-0"]
[WhiteElo "2348"]
[BlackElo "1986"]
[PlyCount "55"]
[EventDate "2022.12.26"]
[EventType "swiss (rapid)"]
[EventRounds "13"]
[EventCountry "KAZ"]
[SourceTitle "CBM 212"]
[Source "ChessBase"]
[SourceDate "2023.02.28"]
[SourceVersion "1"]
[SourceVersionDate "2023.02.28"]
[SourceQuality "1"]

1. e4 c5 2. Nf3 e6 3. d4 cxd4 4. Nxd4 a6 5. Bd3 Nf6 6. 0-0 Qc7 7. Qe2 d6 8. c4 Nbd7 9. Nc3 g6 10. Rd1 Bg7 11. b3 0-0 12. Ba3 Rd8 13. Rac1 b6 14. Nf3 Bb7 15. Bb1 Ne5 16. Re1 Nfd7 17. h3 Rac8 18. Qe3 Nxf3+ 19. Qxf3 Ne5 20. Qe3 Qb8 21. Qxb6 Bh6 22. Rcd1 Bf8 23. Qe3 Nd7 24. Rd2 Nc5 25. Red1 Rd7 26. b4 Nxe4 27. Nxe4 Rxc4 28. Nf6+ 1-0

[Event "Wch Rapid"]
[Site "Almaty"]
[Date "2022.12.26"]
[Round "3"]
[White "Sargissian, Gabriel"]
[Black "Tulendinov, Dinmukhammed"]
[Result "1-0"]
[WhiteElo "2640"]
[BlackElo "1986"]
[PlyCount "53"]
[EventDate "2022.12.26"]
[EventType "swiss (rapid)"]
[EventRounds "13"]
[EventCountry "KAZ"]
[SourceTitle "CBM 212"]
[Source "ChessBase"]
[SourceDate "2023.02.28"]
[SourceVersion "1"]
[SourceVersionDate "2023.02.28"]
[SourceQuality "1"]

1. d4 d5 2. c4 c6 3. Nf3 Nf6 4. e3 a6 5. Nbd2 Bf5 6. Nh4 Bg4 7. Qb3 Ra7 8. h3 Bh5 9. g4 Bg6 10. Nxg6 hxg6 11. g5 Ng8 12. Nf3 e6 13. Bd2 Nd7 14. 0-0-0 b5 15. c5 a5 16. Qc2 Ne7 17. h4 Qc7 18. Bh3 Rg8 19. e4 Kd8 20. Rde1 Kc8 21. exd5 Nxd5 22. h5 gxh5 23. g6 f5 24. Rxe6 Nf4 25. Qxf5 Nxe6 26. Qxe6 Rh8 27. Ne5 1-0

[Event "Wch U12"]
[Site "Batumi"]
[Date "2022.09.20"]
[Round "5"]
[White "Tulendinov, Dinmukhammed"]
[Black "Azoulay, Yehonatan"]
[Result "1-0"]
[WhiteElo "2076"]
[BlackElo "1765"]
[PlyCount "105"]
[EventDate "2022.09.16"]
[EventType "swiss"]
[EventRounds "11"]
[EventCountry "GEO"]
[SourceTitle "EXT 2023"]
[Source "ChessBase"]
[SourceDate "2022.10.05"]
[SourceVersion "1"]
[SourceVersionDate "2022.10.05"]
[SourceQuality "1"]

1. e4 c5 2. Nc3 Nc6 3. g3 g6 4. Bg2 Bg7 5. d3 d6 6. Nge2 Rb8 7. 0-0 b5 8. f4 b4 9. Nd5 e6 10. Ne3 Nd4 11. h3 Ne7 12. g4 f5 13. Ng3 0-0 14. Bd2 Nb5 15. Rb1 Bb7 16. Qe1 Kh8 17. c3 a5 18. a4 Nc7 19. Rf2 Qd7 20. exf5 exf5 21. gxf5 Nxf5 22. Nexf5 gxf5 23. Kh2 Ba6 24. c4 Bf6 25. b3 Bh4 26. Bc1 h6 27. Bb2+ Kh7 28. Re2 Rbe8 29. Qf1 Bxg3+ 30. Kxg3 Ne6 31. Rbe1 Bc8 32. Qf2 Ng7 33. Kh2 Rxe2 34. Rxe2 Re8 35. Rxe8 Qxe8 36. Bd5 Qe7 37. d4 Bb7 38. dxc5 Bxd5 39. cxd6 Qxd6 40. Bxg7 Kxg7 41. Qd4+ Qf6 42. Qxd5 Qb2+ 43. Qg2+ Qxg2+ 44. Kxg2 Kf6 45. Kf3 h5 46. Ke3 Ke6 47. Kd4 h4 48. c5 Kd7 49. Kd5 Kc7 50. c6 Kc8 51. Kc5 Kc7 52. Kb5 Kd6 53. Kb6 1-0